LEADER 01042nam0-22003011i-450- 001 990002053060403321 005 20090427131551.0 035 $a000205306 035 $aFED01000205306 035 $a(Aleph)000205306FED01 035 $a000205306 100 $a20030910d1960----km-y0itay50------ba 101 0 $aeng 200 1 $a<>review of the biological control of insects and weeds in Australia and Australian New Guinea$fFrank Wilson 210 $aBucks$cCommonwealth agricultural bureaux$d1960 215 $a102 p.$d25 cm 225 1 $aCommonwealth institute of biological control technical communication$v1 610 0 $aControllo biologico 676 $a632.7 702 1$aWilson,$bFrank 712 02$aCommonwealth Institute of Biological Control 801 0$aIT$bUNINA$gRICA$2UNIMARC 901 $aBK 912 $a990002053060403321 952 $a61 VII B.6/53.01$b1471$fDAGEN 959 $aDAGEN 996 $aReview of the biological control of insects and weeds in Australia and Australian New Guinea$9406061 997 $aUNINA LEADER 01486nam--2200421---450- 001 990002307430203316 005 20100908092628.0 035 $a000230743 035 $aUSA01000230743 035 $a(ALEPH)000230743USA01 035 $a000230743 100 $a20041227d1975----km-y0enga50------ba 101 0 $aita 102 $aIT 105 $a||||||||001yy 200 1 $aConcorrenza sleale e interessi protetti$fCarlo Santagata 210 $aNapoli$cJovene$d1975 215 $a330 p.$d24 cm 225 2 $aPubblicazioni della facoltà giuridica dell'Università di Napoli$v150 410 0$aPubblicazioni della facoltà giuridica dell'Università di Napoli$12001$v150 606 0 $aConcorrenza sleale 606 0 $aInteresse$xTutela giuridica 676 $a346.7 700 1$aSANTAGATA,$bCarlo$0105307 801 0$aIT$bsalbc$gISBD 912 $a990002307430203316 951 $aXXX.A. Coll. 205/ 81 (X 13 I 150)$b39827 G.$cXXX.A. Coll. 205/ 81 8X 13 I)$d00289076 951 $aXXX.A. Coll. 205/ 81a (X 13 I 150)$b44722 G.$cXXX.A. Coll. 205/ 81a (X 13)$d00126490 959 $aBK 969 $aGIU 979 $aACQUISTI$b10$c20041227$lUSA01$h1615 979 $aSIAV2$b10$c20050105$lUSA01$h1122 979 $aRENATO$b90$c20050502$lUSA01$h1137 979 $aRSIAV2$b90$c20100908$lUSA01$h0925 979 $aRSIAV2$b90$c20100908$lUSA01$h0926 979 $aCHIARA$b90$c20120625$lUSA01$h1702 996 $aConcorrenza sleale e interessi protetti$965529 997 $aUNISA LEADER 01103nam a2200301 i 4500 001 991002211009707536 005 20020508192345.0 008 981028s1979 de ||| | lat 020 $a348706863X 035 $ab10975603-39ule_inst 035 $aPARLA157423$9ExL 040 $aDip. di Filol. Class. e di Scienze Filosofiche$bita 082 0 $a874.01 100 1 $aTibullus, Albius$0161758 245 10$aCarmina /$cAlbius Tibullus ; ex recensione Car. Lachmanni passim mutata explicuit Ludolphus Dissenius 260 $aHildesheim ; New York :$bOlms,$c1979 300 $acxcii, 128, 476 p. ;$c20 cm 500 $a2 vol. in 1. 500 $aRist. anast. dell'ed.: Göttingen 1835. 650 4$aTibullo, Albio - Elegie 700 1 $aLachmann, Karl 700 1 $aDissenius, Ludolphus 907 $a.b10975603$b02-04-14$c28-06-02 912 $a991002211009707536 945 $aLE007 870.1 Tibullus 1979-01$g1$i2007000041789$lle007$o-$pE0.00$q-$rn$so $t0$u0$v0$w0$x0$y.i1108697x$z28-06-02 996 $aCarmina$954808 997 $aUNISALENTO 998 $ale007$b01-01-98$cm$da $e-$flat$gde $h0$i1 LEADER 01767nam 2200517I 450 001 9910702505903321 005 20141210134203.0 035 $a(CKB)5470000002429124 035 $a(OCoLC)897938568 035 $a(EXLCZ)995470000002429124 100 $a20141210j201404 ua 0 101 0 $aeng 135 $aurcn||||||||| 181 $ctxt$2rdacontent 182 $cc$2rdamedia 183 $acr$2rdacarrier 200 10$aCoupling damage-sensing particles to the digitial twin concept /$fJacob D. Hochhalter [and eight others] 210 1$aHampton, Virginia :$cNational Aeronautics and Space Administration, Langley Research Center,$dApril 2014. 215 $a1 online resource (10 pages) $ccolor illustrations 225 1 $aNASA/TM ;$v2014-218257 300 $aTitle from title screen (viewed Dec. 8, 2014). 300 $a"April 2014." 320 $aIncludes bibliographical references (pages 9-10). 606 $aAerospace vehicles$2nasat 606 $aCracks$2nasat 606 $aShape memory alloys$2nasat 606 $aCrack propagation$2nasat 606 $aPhase transformations$2nasat 606 $aMaintenance$2nasat 606 $aInspection$2nasat 615 7$aAerospace vehicles. 615 7$aCracks. 615 7$aShape memory alloys. 615 7$aCrack propagation. 615 7$aPhase transformations. 615 7$aMaintenance. 615 7$aInspection. 700 $aHochhalter$b Jacob D.$01415080 712 02$aLangley Research Center, 712 02$aUnited States.$bNational Aeronautics and Space Administration, 801 0$bGPO 801 1$bGPO 906 $aBOOK 912 $a9910702505903321 996 $aCoupling damage-sensing particles to the digitial twin concept$93516109 997 $aUNINA